[Event "8th Vellmar Chess Days"]
[Site "chess24.com"]
[Date "2016.07.31"]
[Round "6"]
[White "Bollmann, Henrik"]
[Black "Langedijk, Ardjan"]
[Result "0-1"]
[Board "10"]
[WhiteElo "2145"]
[WhiteCountry "GER"]
[WhiteFideId "24626007"]
[WhiteEloChange "-11"]
[BlackElo "2101"]
[BlackCountry "NED"]
[BlackFideId "1004212"]
[BlackEloChange "11"]

1. c4 {[%clk 1:30:57]} e5 {[%clk 1:30:46]} 2. Nc3 {[%clk 1:31:22]} Bb4 {[%clk
1:31:12]} 3. Nd5 {[%clk 1:30:25]} Be7 {[%clk 1:31:36]} 4. g3 {[%clk 1:24:06]} Nf6
{[%clk 1:25:57]} 5. Nxe7 {[%clk 1:18:07]} Qxe7 {[%clk 1:26:18]} 6. Bg2 {[%clk
1:18:29]} Nc6 {[%clk 1:22:24]} 7. d3 {[%clk 1:15:14]} O-O {[%clk 1:17:25]} 8. Nf3
{[%clk 1:15:01]} d6 {[%clk 1:15:42]} 9. O-O {[%clk 1:14:56]} Bg4 {[%clk 1:05:35]}
10. h3 {[%clk 1:13:00]} Be6 {[%clk 1:04:11]} 11. e4 {[%clk 1:01:58]} h6 {[%clk
1:01:20]} 12. Be3 {[%clk 1:01:26]} Qd7 {[%clk 0:59:37]} 13. Kh2 {[%clk 1:01:16]}
g5 {[%clk 0:58:28]} 14. Ng1 {[%clk 0:50:56]} Kh7 {[%clk 0:56:41]} 15. f4 {[%clk
0:46:40]} gxf4 {[%clk 0:51:31]} 16. gxf4 {[%clk 0:47:06]} Qe7 {[%clk 0:45:04]}
17. f5 {[%clk 0:42:19]} Bd7 {[%clk 0:44:59]} 18. Qd2 {[%clk 0:42:04]} Ng8 {[%clk
0:34:20]} 19. Nf3 {[%clk 0:40:59]} Qf6 {[%clk 0:32:18]} 20. b4 {[%clk 0:30:04]}
Nd4 {[%clk 0:26:00]} 21. Rab1 {[%clk 0:21:11]} Nxf3+ {[%clk 0:22:39]} 22. Bxf3
{[%clk 0:21:39]} Ne7 {[%clk 0:22:48]} 23. b5 {[%clk 0:21:16]} c6 {[%clk 0:17:30]}
24. bxc6 {[%clk 0:18:50]} Bxc6 {[%clk 0:17:36]} 25. Rg1 {[%clk 0:18:30]} Nxf5
{[%clk 0:16:32]} 26. exf5 {[%clk 0:16:01]} Bxf3 {[%clk 0:16:50]} 27. Qf2 {[%clk
0:15:56]} Bc6 {[%clk 0:16:40]} 28. Bxa7 {[%clk 0:12:25]} Rg8 {[%clk 0:16:43]} 29.
Be3 {[%clk 0:12:15]} Rxg1 {[%clk 0:15:17]} 30. Rxg1 {[%clk 0:12:42]} Bd7 {[%clk
0:09:57]} 31. Rf1 {[%clk 0:09:45]} Bc6 {[%clk 0:10:08]} 32. Rg1 {[%clk 0:09:46]}
Bd7 {[%clk 0:06:27]} 33. Rf1 {[%clk 0:09:56]} Ra4 {[%clk 0:04:48]} 34. Qg2 {[%clk
0:05:12]} Ra3 {[%clk 0:03:54]} 35. Rg1 {[%clk 0:04:43]} Ra8 {[%clk 0:03:42]} 36.
Qf2 {[%clk 0:03:56]} Qxf5 {[%clk 0:05:30]} 37. Qxf5+ {[%clk 0:01:45]} Bxf5 {[%clk
0:05:58]} 38. Rf1 {[%clk 0:01:28]} Rxa2+ {[%clk 0:05:44]} 39. Kg3 {[%clk
0:01:46]} Kg6 {[%clk 0:04:39]} 40. h4 {[%clk 0:00:51]} Bxd3 {[%clk 0:03:21]} 41.
h5+ {[%clk 0:00:45]} Kg7 {[%clk 0:27:59]} 42. Rd1 {[%clk 0:29:31]} Bxc4 {[%clk
0:24:39]} 43. Rxd6 {[%clk 0:29:51]} Ra6 {[%clk 0:24:50]} 44. Bxh6+ {[%clk
0:23:30]} Kh7 {[%clk 0:25:09]} 45. Rxa6 {[%clk 0:23:50]} Bxa6 {[%clk 0:25:29]}
46. Bd2 {[%clk 0:23:37]} Bd3 {[%clk 0:24:52]} 47. Kf3 {[%clk 0:23:14]} Kg7 {[%clk
0:23:55]} 48. Ke3 {[%clk 0:22:09]} Bh7 {[%clk 0:23:52]} 49. Kf3 {[%clk 0:21:55]}
f5 {[%clk 0:23:37]} 50. Bc3 {[%clk 0:19:40]} Kf6 {[%clk 0:23:58]} 51. Bb2 {[%clk
0:18:54]} Ke6 {[%clk 0:22:11]} 52. h6 {[%clk 0:17:12]} b5 {[%clk 0:22:27]} 53.
Bc3 {[%clk 0:17:30]} Kd5 {[%clk 0:22:30]} 54. Ke3 {[%clk 0:15:59]} e4 {[%clk
0:18:42]} 55. Bb2 {[%clk 0:15:59]} Kc4 {[%clk 0:18:14]} 56. Kf4 {[%clk 0:11:10]}
Kd3 {[%clk 0:17:45]} 57. Bc1 {[%clk 0:10:30]} b4 {[%clk 0:17:25]} 58. Kg5 {[%clk
0:10:42]} e3 {[%clk 0:17:36]} 59. Bxe3 {[%clk 0:11:10]} Kxe3 {[%clk 0:17:50]} 60.
Kf6 {[%clk 0:11:38]} f4 {[%clk 0:18:05]} 0-1

[Event "8th Vellmar Chess Days"]
[Site "chess24.com"]
[Date "2016.07.31"]
[Round "6"]
[White "Braun, Ingram"]
[Black "Werner, Martin"]
[Result "1-0"]
[Board "11"]
[WhiteElo "1987"]
[WhiteCountry "GER"]
[WhiteFideId "24657816"]
[WhiteEloChange "11"]
[BlackElo "2023"]
[BlackCountry "GER"]
[BlackFideId "4607970"]
[BlackEloChange "-11"]

1. e4 {[%clk 1:30:58]} c6 {[%clk 1:30:55]} 2. d4 {[%clk 1:31:25]} d5 {[%clk
1:31:22]} 3. e5 {[%clk 1:31:53]} Bf5 {[%clk 1:31:45]} 4. Be3 {[%clk 1:32:18]} e6
{[%clk 1:32:02]} 5. Nd2 {[%clk 1:32:42]} Nd7 {[%clk 1:32:01]} 6. Ngf3 {[%clk
1:33:06]} Ne7 {[%clk 1:30:34]} 7. Be2 {[%clk 1:31:53]} h6 {[%clk 1:29:04]} 8. O-O
{[%clk 1:28:43]} Bh7 {[%clk 1:26:09]} 9. c3 {[%clk 1:22:33]} Nf5 {[%clk 1:24:01]}
10. Bf4 {[%clk 1:18:23]} g5 {[%clk 1:20:22]} 11. Be3 {[%clk 1:18:33]} Nxe3 {[%clk
1:15:42]} 12. fxe3 {[%clk 1:19:00]} h5 {[%clk 1:10:30]} 13. Ne1 {[%clk 1:12:03]}
Bg6 {[%clk 1:06:48]} 14. Bd3 {[%clk 1:10:25]} Bxd3 {[%clk 1:01:13]} 15. Nxd3
{[%clk 1:10:38]} Bh6 {[%clk 1:00:49]} 16. Qxh5 {[%clk 1:07:11]} Qe7 {[%clk
1:01:17]} 17. Rf2 {[%clk 1:05:37]} Bg7 {[%clk 0:58:02]} 18. Qf3 {[%clk 1:03:20]}
Rf8 {[%clk 0:55:02]} 19. e4 {[%clk 0:54:04]} O-O-O {[%clk 0:51:02]} 20. exd5
{[%clk 0:53:43]} exd5 {[%clk 0:49:52]} 21. Re1 {[%clk 0:50:32]} Qe6 {[%clk
0:46:50]} 22. Nf1 {[%clk 0:47:25]} Rde8 {[%clk 0:31:40]} 23. Qf5 {[%clk 0:39:25]}
Bh6 {[%clk 0:28:20]} 24. Ne3 {[%clk 0:27:35]} f6 {[%clk 0:22:30]} 25. Qxe6 {[%clk
0:23:57]} Rxe6 {[%clk 0:22:58]} 26. Ng4 {[%clk 0:20:03]} fxe5 {[%clk 0:21:40]}
27. Ngxe5 {[%clk 0:18:21]} Rxf2 {[%clk 0:20:26]} 28. Kxf2 {[%clk 0:18:37]} Nf6
{[%clk 0:18:28]} 29. Nc5 {[%clk 0:16:05]} Re7 {[%clk 0:18:12]} 30. Kf3 {[%clk
0:13:31]} Kc7 {[%clk 0:12:48]} 31. h3 {[%clk 0:10:26]} b6 {[%clk 0:12:19]} 32.
Ncd3 {[%clk 0:09:32]} Kd6 {[%clk 0:08:58]} 33. Ng4 {[%clk 0:08:09]} Rxe1 {[%clk
0:03:26]} 34. Nxe1 {[%clk 0:08:37]} Bg7 {[%clk 0:03:44]} 35. Nxf6 {[%clk
0:07:54]} Bxf6 {[%clk 0:04:13]} 36. Kg4 {[%clk 0:08:07]} c5 {[%clk 0:04:00]} 37.
Nf3 {[%clk 0:07:52]} cxd4 {[%clk 0:04:01]} 38. cxd4 {[%clk 0:07:08]} a5 {[%clk
0:02:56]} 39. Kf5 {[%clk 0:07:24]} Ke7 {[%clk 0:03:25]} 40. a4 {[%clk 0:06:39]}
1-0

[Event "8th Vellmar Chess Days"]
[Site "chess24.com"]
[Date "2016.07.31"]
[Round "6"]
[White "Kobs, Stephan"]
[Black "Meyner, Hannes"]
[Result "0-1"]
[Board "12"]
[WhiteElo "1933"]
[WhiteCountry "GER"]
[WhiteFideId "4684656"]
[WhiteEloChange "-3"]
[BlackElo "2204"]
[BlackCountry "GER"]
[BlackFideId "4664205"]
[BlackEloChange "3"]

1. e4 {[%clk 1:30:56]} c5 {[%clk 1:20:21]} 2. Nf3 {[%clk 1:30:42]} e6 {[%clk
1:20:48]} 3. d3 {[%clk 1:29:33]} d5 {[%clk 1:20:31]} 4. Nbd2 {[%clk 1:29:45]} Nf6
{[%clk 1:19:46]} 5. g3 {[%clk 1:29:53]} Nc6 {[%clk 1:19:48]} 6. Bg2 {[%clk
1:30:06]} Be7 {[%clk 1:20:00]} 7. O-O {[%clk 1:30:13]} Qc7 {[%clk 1:20:05]} 8.
Re1 {[%clk 1:29:40]} b6 {[%clk 1:20:03]} 9. c3 {[%clk 1:28:13]} Bb7 {[%clk
1:19:44]} 10. e5 {[%clk 1:26:10]} Nd7 {[%clk 1:20:02]} 11. Qe2 {[%clk 1:24:56]}
O-O-O {[%clk 1:13:26]} 12. Nf1 {[%clk 1:15:02]} h6 {[%clk 1:12:38]} 13. h4 {[%clk
1:08:38]} Rdg8 {[%clk 1:09:20]} 14. d4 {[%clk 0:58:17]} g5 {[%clk 1:08:36]} 15.
hxg5 {[%clk 0:58:11]} hxg5 {[%clk 1:09:00]} 16. Qd1 {[%clk 0:57:49]} Nf8 {[%clk
0:59:02]} 17. Be3 {[%clk 0:55:32]} c4 {[%clk 0:50:04]} 18. b3 {[%clk 0:54:27]} f6
{[%clk 0:46:50]} 19. exf6 {[%clk 0:51:54]} Bxf6 {[%clk 0:46:53]} 20. Rc1 {[%clk
0:47:11]} Na5 {[%clk 0:37:18]} 21. Ne5 {[%clk 0:41:55]} Bxe5 {[%clk 0:33:13]} 22.
dxe5 {[%clk 0:41:35]} d4 {[%clk 0:29:26]} 23. Bxd4 {[%clk 0:40:49]} g4 {[%clk
0:26:06]} 24. Ne3 {[%clk 0:36:00]} Qh7 {[%clk 0:24:58]} 25. Bxb7+ {[%clk
0:30:41]} Kxb7 {[%clk 0:16:45]} 26. Kf1 {[%clk 0:30:04]} Qe4 {[%clk 0:14:13]} 27.
Ke2 {[%clk 0:28:50]} Rh2 {[%clk 0:11:37]} 28. Rf1 {[%clk 0:28:36]} Nh7 {[%clk
0:11:21]} 29. Bxb6 {[%clk 0:23:29]} Qd3+ {[%clk 0:08:13]} 30. Qxd3 {[%clk
0:22:39]} cxd3+ {[%clk 0:08:38]} 31. Kxd3 {[%clk 0:22:51]} axb6 {[%clk 0:08:56]}
32. Rh1 {[%clk 0:20:09]} Rd8+ {[%clk 0:05:35]} 33. Ke2 {[%clk 0:19:52]} Rxh1
{[%clk 0:05:15]} 34. Rxh1 {[%clk 0:20:15]} Ng5 {[%clk 0:04:05]} 35. Rd1 {[%clk
0:17:42]} Rg8 {[%clk 0:02:29]} 36. Rd7+ {[%clk 0:12:07]} Kc8 {[%clk 0:02:33]} 37.
Ra7 {[%clk 0:12:07]} Kb8 {[%clk 0:02:46]} 38. Rd7 {[%clk 0:10:42]} Ne4 {[%clk
0:02:05]} 39. Nd1 {[%clk 0:03:00]} Nc6 {[%clk 0:02:00]} 40. Ke3 {[%clk 0:02:16]}
Nxe5 {[%clk 0:00:44]} 41. Re7 {[%clk 0:02:22]} Ng5 {[%clk 0:30:34]} 42. Nb2
{[%clk 0:17:37]} Rd8 {[%clk 0:27:54]} 43. c4 {[%clk 0:12:17]} Rf8 {[%clk
0:27:27]} 44. Na4 {[%clk 0:11:51]} Rf3+ {[%clk 0:19:41]} 45. Ke2 {[%clk 0:12:08]}
Nc6 {[%clk 0:17:00]} 46. Rg7 {[%clk 0:12:10]} Nd4+ {[%clk 0:17:17]} 47. Ke1
{[%clk 0:11:45]} Rf5 {[%clk 0:15:03]} 48. Nxb6 {[%clk 0:11:42]} Ngf3+ {[%clk
0:14:43]} 49. Kd1 {[%clk 0:11:30]} Rh5 {[%clk 0:14:16]} 50. Kc1 {[%clk 0:10:55]}
Rh2 {[%clk 0:11:56]} 51. Rxg4 {[%clk 0:06:36]} Rxf2 {[%clk 0:12:13]} 52. Nd7+
{[%clk 0:04:06]} Kc7 {[%clk 0:12:11]} 53. Nc5 {[%clk 0:03:35]} Rxa2 {[%clk
0:11:54]} 54. Kb1 {[%clk 0:03:34]} Re2 {[%clk 0:10:57]} 55. Rg7+ {[%clk 0:02:21]}
Kd6 {[%clk 0:10:49]} 56. Nb7+ {[%clk 0:02:07]} Ke5 {[%clk 0:08:11]} 57. b4 {[%clk
0:00:39]} Ne1 {[%clk 0:05:14]} 58. c5 {[%clk 0:00:40]} Nd3 {[%clk 0:05:17]} 0-1

[Event "8th Vellmar Chess Days"]
[Site "chess24.com"]
[Date "2016.07.31"]
[Round "6"]
[White "Heinelt, Manfred"]
[Black "Held, Carsten, Dr."]
[Result "1-0"]
[Board "13"]
[WhiteElo "2175"]
[WhiteCountry "GER"]
[WhiteFideId "4656695"]
[WhiteEloChange "5"]
[BlackElo "1989"]
[BlackCountry "GER"]
[BlackFideId "1271741"]
[BlackEloChange "-5"]

1. d4 {[%clk 1:25:06]} Nf6 {[%clk 1:30:32]} 2. c4 {[%clk 1:25:25]} c5 {[%clk
1:30:57]} 3. d5 {[%clk 1:25:47]} b5 {[%clk 1:31:20]} 4. cxb5 {[%clk 1:26:03]} a6
{[%clk 1:31:46]} 5. Nc3 {[%clk 1:26:06]} d6 {[%clk 1:30:00]} 6. e4 {[%clk
1:25:05]} g6 {[%clk 1:30:24]} 7. Nf3 {[%clk 1:25:12]} Bg7 {[%clk 1:30:50]} 8.
bxa6 {[%clk 1:25:28]} Bxa6 {[%clk 1:30:56]} 9. Bxa6 {[%clk 1:25:40]} Nxa6 {[%clk
1:31:15]} 10. O-O {[%clk 1:25:46]} O-O {[%clk 1:30:18]} 11. Rb1 {[%clk 1:23:38]}
Qa5 {[%clk 1:27:51]} 12. a3 {[%clk 0:57:14]} Rfb8 {[%clk 1:26:44]} 13. Bg5 {[%clk
0:46:33]} Rb7 {[%clk 1:25:16]} 14. Nd2 {[%clk 0:41:26]} Nc7 {[%clk 1:20:39]} 15.
e5 {[%clk 0:38:59]} dxe5 {[%clk 1:02:32]} 16. Nc4 {[%clk 0:38:36]} Qa6 {[%clk
1:02:56]} 17. Nxe5 {[%clk 0:38:32]} Qd6 {[%clk 0:56:34]} 18. Nc6 {[%clk 0:23:38]}
Kf8 {[%clk 0:32:10]} 19. Nxe7 {[%clk 0:18:44]} Re8 {[%clk 0:08:28]} 20. Re1
{[%clk 0:11:12]} Nb5 {[%clk 0:05:14]} 21. Nxb5 {[%clk 0:09:47]} Rxb5 {[%clk
0:05:43]} 22. Qa4 {[%clk 0:05:59]} Rbb8 {[%clk 0:05:38]} 23. Nc6 {[%clk 0:05:36]}
Ra8 {[%clk 0:05:21]} 24. Qc4 {[%clk 0:05:18]} Nxd5 {[%clk 0:04:42]} 25. Red1
{[%clk 0:05:12]} Qxc6 {[%clk 0:04:58]} 26. Rxd5 {[%clk 0:05:31]} Ra4 {[%clk
0:04:07]} 27. b4 {[%clk 0:04:33]} Rxa3 {[%clk 0:04:10]} 28. Rxc5 {[%clk 0:04:27]}
Qa4 {[%clk 0:03:33]} 29. Rc7 {[%clk 0:04:09]} 1-0

[Event "8th Vellmar Chess Days"]
[Site "chess24.com"]
[Date "2016.07.31"]
[Round "6"]
[White "Koch, Yannick"]
[Black "Pienski, Olaf"]
[Result "1/2-1/2"]
[Board "14"]
[WhiteElo "1930"]
[WhiteCountry "GER"]
[WhiteFideId "24661678"]
[WhiteEloChange "6"]
[BlackElo "2168"]
[BlackCountry "GER"]
[BlackFideId "4619544"]
[BlackEloChange "-6"]

1. d4 {[%clk 1:30:31]} e6 {[%clk 1:29:02]} 2. c4 {[%clk 1:30:42]} Nf6 {[%clk
1:29:22]} 3. Nc3 {[%clk 1:30:57]} Bb4 {[%clk 1:28:12]} 4. e3 {[%clk 1:30:53]} b6
{[%clk 1:27:01]} 5. Ne2 {[%clk 1:30:02]} Ne4 {[%clk 1:20:57]} 6. Bd2 {[%clk
1:24:38]} Nxd2 {[%clk 1:18:09]} 7. Qxd2 {[%clk 1:24:32]} d5 {[%clk 1:16:50]} 8.
a3 {[%clk 1:23:16]} Be7 {[%clk 1:16:23]} 9. cxd5 {[%clk 1:20:03]} exd5 {[%clk
1:16:04]} 10. Nf4 {[%clk 1:20:05]} c6 {[%clk 1:13:00]} 11. Bd3 {[%clk 1:17:48]}
O-O {[%clk 1:09:39]} 12. Qc2 {[%clk 1:11:50]} h6 {[%clk 1:09:12]} 13. O-O {[%clk
1:08:09]} Nd7 {[%clk 1:04:52]} 14. Nce2 {[%clk 0:49:22]} Bb7 {[%clk 1:03:21]} 15.
b4 {[%clk 0:42:44]} Nf6 {[%clk 0:54:00]} 16. Rfd1 {[%clk 0:31:49]} Bd6 {[%clk
0:51:01]} 17. Bf5 {[%clk 0:23:50]} Re8 {[%clk 0:45:52]} 18. Rac1 {[%clk 0:21:55]}
Ne4 {[%clk 0:42:05]} 19. Bxe4 {[%clk 0:20:58]} Rxe4 {[%clk 0:41:14]} 20. Ng3
{[%clk 0:20:35]} Re8 {[%clk 0:40:17]} 21. Nd3 {[%clk 0:18:46]} Rc8 {[%clk
0:36:25]} 22. Nf5 {[%clk 0:16:52]} Bb8 {[%clk 0:36:06]} 23. Qe2 {[%clk 0:16:13]}
Qf6 {[%clk 0:31:53]} 24. Qf3 {[%clk 0:14:30]} Kh7 {[%clk 0:23:13]} 25. g3 {[%clk
0:10:23]} g6 {[%clk 0:14:52]} 26. Nh4 {[%clk 0:10:43]} Qg7 {[%clk 0:14:06]} 27.
Rc3 {[%clk 0:10:35]} Bd6 {[%clk 0:10:23]} 28. Rdc1 {[%clk 0:10:50]} Rcd8 {[%clk
0:09:00]} 29. Qg2 {[%clk 0:10:20]} Qf6 {[%clk 0:08:30]} 30. Nf3 {[%clk 0:10:27]}
c5 {[%clk 0:06:42]} 31. bxc5 {[%clk 0:10:19]} bxc5 {[%clk 0:07:10]} 32. Nxc5
{[%clk 0:10:38]} Bc8 {[%clk 0:06:51]} 33. Nd3 {[%clk 0:10:24]} Bf5 {[%clk
0:06:46]} 34. Nfe5 {[%clk 0:09:07]} Be4 {[%clk 0:05:52]} 35. f3 {[%clk 0:09:08]}
Bxd3 {[%clk 0:05:57]} 36. Rxd3 {[%clk 0:07:43]} Bxe5 {[%clk 0:06:14]} 37. dxe5
{[%clk 0:08:10]} Qxe5 {[%clk 0:05:22]} 38. Rcd1 {[%clk 0:07:28]} Qd6 {[%clk
0:04:01]} 39. Qd2 {[%clk 0:07:19]} Qb6 {[%clk 0:04:05]} 40. Kg2 {[%clk 0:07:19]}
Rc8 {[%clk 0:04:05]} 1/2-1/2

[Event "8th Vellmar Chess Days"]
[Site "chess24.com"]
[Date "2016.07.31"]
[Round "6"]
[White "Windelband, Jens"]
[Black "Modric, Vladimir"]
[Result "1-0"]
[Board "15"]
[WhiteElo "2120"]
[WhiteCountry "GER"]
[WhiteFideId "4663845"]
[WhiteEloChange "6"]
[BlackElo "1986"]
[BlackCountry "GER"]
[BlackFideId "24628654"]
[BlackEloChange "-6"]

1. e4 {[%clk 1:30:56]} Nf6 {[%clk 1:30:51]} 2. e5 {[%clk 1:31:06]} Nd5 {[%clk
1:31:18]} 3. d4 {[%clk 1:31:19]} d6 {[%clk 1:31:39]} 4. Nf3 {[%clk 1:31:38]} Bg4
{[%clk 1:31:57]} 5. Be2 {[%clk 1:31:55]} e6 {[%clk 1:32:16]} 6. exd6 {[%clk
1:28:59]} cxd6 {[%clk 1:31:59]} 7. c4 {[%clk 1:28:10]} Nb6 {[%clk 1:27:14]} 8.
O-O {[%clk 1:25:24]} Be7 {[%clk 1:26:21]} 9. Nc3 {[%clk 1:19:32]} O-O {[%clk
1:24:00]} 10. b3 {[%clk 1:12:58]} d5 {[%clk 1:16:33]} 11. c5 {[%clk 1:11:17]}
Bxf3 {[%clk 1:08:01]} 12. Bxf3 {[%clk 1:09:38]} Nc8 {[%clk 1:05:56]} 13. b4
{[%clk 1:07:58]} a6 {[%clk 0:52:37]} 14. Rb1 {[%clk 1:04:06]} Nc6 {[%clk
0:51:27]} 15. a4 {[%clk 0:57:49]} Bf6 {[%clk 0:50:38]} 16. Be3 {[%clk 0:58:11]}
N8e7 {[%clk 0:49:57]} 17. b5 {[%clk 0:56:53]} Na5 {[%clk 0:43:14]} 18. Qd3 {[%clk
0:48:56]} Nc4 {[%clk 0:39:33]} 19. Rfd1 {[%clk 0:47:10]} Qa5 {[%clk 0:32:10]} 20.
Rb3 {[%clk 0:31:55]} Qd8 {[%clk 0:25:59]} 21. Rb4 {[%clk 0:28:40]} Nf5 {[%clk
0:20:52]} 22. Nxd5 {[%clk 0:26:14]} exd5 {[%clk 0:07:36]} 23. Qxf5 {[%clk
0:26:34]} axb5 {[%clk 0:07:15]} 24. axb5 {[%clk 0:25:06]} Qa5 {[%clk 0:06:32]}
25. Qb1 {[%clk 0:21:52]} Na3 {[%clk 0:04:32]} 26. Qb2 {[%clk 0:21:10]} Nc4 {[%clk
0:03:58]} 27. Qb3 {[%clk 0:20:45]} Nxe3 {[%clk 0:02:19]} 28. fxe3 {[%clk
0:21:08]} Bg5 {[%clk 0:02:43]} 1-0

[Event "8th Vellmar Chess Days"]
[Site "chess24.com"]
[Date "2016.07.31"]
[Round "6"]
[White "Zahn, Richard"]
[Black "Wolffgang, Georg"]
[Result "1-0"]
[Board "16"]
[WhiteElo "2086"]
[WhiteCountry "GER"]
[WhiteFideId "4681690"]
[WhiteEloChange "6"]
[BlackElo "1951"]
[BlackCountry "GER"]
[BlackFideId "12904554"]
[BlackEloChange "-6"]

1. f4 {[%clk 1:30:54]} d5 {[%clk 1:30:25]} 2. Nf3 {[%clk 1:31:16]} Bg4 {[%clk
1:30:44]} 3. e3 {[%clk 1:31:36]} Nd7 {[%clk 1:30:52]} 4. d4 {[%clk 1:31:51]} e6
{[%clk 1:30:58]} 5. Bd3 {[%clk 1:30:16]} f5 {[%clk 1:30:00]} 6. O-O {[%clk
1:25:01]} Ngf6 {[%clk 1:30:13]} 7. c4 {[%clk 1:15:49]} c6 {[%clk 1:30:36]} 8. Nc3
{[%clk 1:16:10]} Be7 {[%clk 1:28:17]} 9. Qb3 {[%clk 1:10:35]} Bxf3 {[%clk
1:28:33]} 10. Rxf3 {[%clk 1:10:04]} Qb6 {[%clk 1:28:42]} 11. Qc2 {[%clk 1:04:48]}
O-O {[%clk 1:23:21]} 12. c5 {[%clk 1:01:29]} Qc7 {[%clk 1:23:18]} 13. b4 {[%clk
1:01:49]} b5 {[%clk 1:21:53]} 14. Bd2 {[%clk 0:59:05]} Ne4 {[%clk 1:21:10]} 15.
a4 {[%clk 0:56:54]} a6 {[%clk 1:21:12]} 16. Rff1 {[%clk 0:57:02]} Nxc3 {[%clk
1:15:26]} 17. Bxc3 {[%clk 0:50:42]} Rac8 {[%clk 1:08:24]} 18. Ra2 {[%clk
0:49:20]} Nb8 {[%clk 1:08:34]} 19. Rfa1 {[%clk 0:48:27]} g5 {[%clk 1:08:16]} 20.
Qf2 {[%clk 0:37:49]} g4 {[%clk 1:06:38]} 21. axb5 {[%clk 0:37:10]} cxb5 {[%clk
1:05:38]} 22. Ra5 {[%clk 0:35:07]} Qc6 {[%clk 1:05:42]} 23. Qa2 {[%clk 0:31:48]}
Bd8 {[%clk 1:05:13]} 24. Rxa6 {[%clk 0:31:54]} Nxa6 {[%clk 1:03:53]} 25. Qxa6
{[%clk 0:32:17]} Kf7 {[%clk 0:54:34]} 26. Bxb5 {[%clk 0:31:45]} Qxa6 {[%clk
0:54:51]} 27. Rxa6 {[%clk 0:32:02]} Ke7 {[%clk 0:53:12]} 28. Bc6 {[%clk 0:32:00]}
1-0

[Event "8th Vellmar Chess Days"]
[Site "chess24.com"]
[Date "2016.07.31"]
[Round "6"]
[White "Bub, Volker"]
[Black "Amrhein, Thorsten"]
[Result "1-0"]
[Board "17"]
[WhiteElo "2063"]
[WhiteCountry "GER"]
[WhiteFideId "4618963"]
[WhiteEloChange "8"]
[BlackElo "1976"]
[BlackCountry "GER"]
[BlackFideId "24655384"]
[BlackEloChange "-8"]

1. e4 {[%clk 1:27:21]} e5 {[%clk 1:29:52]} 2. Bc4 {[%clk 1:26:10]} Nf6 {[%clk
1:29:10]} 3. d3 {[%clk 1:26:31]} c6 {[%clk 1:28:17]} 4. Nf3 {[%clk 1:26:45]} d5
{[%clk 1:26:14]} 5. Bb3 {[%clk 1:27:08]} Qd6 {[%clk 1:10:51]} 6. Qe2 {[%clk
1:21:42]} Bg4 {[%clk 1:05:06]} 7. O-O {[%clk 1:19:41]} Be7 {[%clk 1:04:42]} 8.
Nbd2 {[%clk 1:19:48]} O-O {[%clk 1:04:27]} 9. Re1 {[%clk 1:19:38]} Nbd7 {[%clk
1:04:02]} 10. h3 {[%clk 1:18:16]} Bh5 {[%clk 1:03:37]} 11. g4 {[%clk 1:10:42]}
Bg6 {[%clk 0:54:13]} 12. exd5 {[%clk 1:10:57]} cxd5 {[%clk 0:51:13]} 13. Nxe5
{[%clk 1:10:46]} Nxe5 {[%clk 0:49:15]} 14. Qxe5 {[%clk 1:11:09]} Qxe5 {[%clk
0:49:05]} 15. Rxe5 {[%clk 1:11:27]} Bd6 {[%clk 0:49:12]} 16. Re2 {[%clk 1:10:39]}
h6 {[%clk 0:44:02]} 17. Nf3 {[%clk 1:09:29]} Rfe8 {[%clk 0:43:47]} 18. Rxe8+
{[%clk 1:09:16]} Rxe8 {[%clk 0:44:10]} 19. Kf1 {[%clk 1:09:39]} Bc5 {[%clk
0:38:38]} 20. Bf4 {[%clk 1:09:13]} Rd8 {[%clk 0:35:44]} 21. Re1 {[%clk 1:06:02]}
Kf8 {[%clk 0:35:24]} 22. Bc7 {[%clk 0:56:30]} Rc8 {[%clk 0:31:27]} 23. Be5 {[%clk
0:55:43]} Rd8 {[%clk 0:31:08]} 24. Bd4 {[%clk 0:54:33]} Bxd4 {[%clk 0:30:08]} 25.
Nxd4 {[%clk 0:54:52]} Ng8 {[%clk 0:27:57]} 26. f4 {[%clk 0:54:12]} Ne7 {[%clk
0:26:52]} 27. f5 {[%clk 0:49:09]} Bh7 {[%clk 0:27:07]} 28. Re5 {[%clk 0:47:34]}
Nc6 {[%clk 0:22:32]} 29. Nxc6 {[%clk 0:47:02]} bxc6 {[%clk 0:22:57]} 30. d4
{[%clk 0:46:24]} Bg8 {[%clk 0:22:38]} 31. Re3 {[%clk 0:46:00]} Rc8 {[%clk
0:11:17]} 32. Rc3 {[%clk 0:45:44]} 1-0

[Event "8th Vellmar Chess Days"]
[Site "chess24.com"]
[Date "2016.07.31"]
[Round "6"]
[White "Wiege, Andre"]
[Black "Helbing, Mathias"]
[Result "1/2-1/2"]
[Board "18"]
[WhiteElo "2085"]
[WhiteCountry "GER"]
[WhiteFideId "4699416"]
[WhiteEloChange "-4"]
[BlackElo "1947"]
[BlackCountry "GER"]
[BlackFideId "24608971"]
[BlackEloChange "4"]

1. e4 {[%clk 1:30:30]} d5 {[%clk 1:30:30]} 2. exd5 {[%clk 1:30:30]} Qxd5 {[%clk
1:30:30]} 3. Nc3 {[%clk 1:30:30]} Qd6 {[%clk 1:30:30]} 4. g3 {[%clk 1:30:30]} Nf6
{[%clk 1:30:30]} 5. Bg2 {[%clk 1:30:30]} c6 {[%clk 1:30:30]} 6. Nf3 {[%clk
1:30:30]} Bg4 {[%clk 1:30:30]} 7. O-O {[%clk 1:30:30]} e6 {[%clk 1:30:30]} 8. d4
{[%clk 1:30:30]} Be7 {[%clk 1:30:30]} 9. Bf4 {[%clk 1:30:30]} Qd8 {[%clk
1:30:30]} 10. Re1 {[%clk 1:30:30]} O-O {[%clk 1:30:30]} 11. h3 {[%clk 1:30:30]}
Bxf3 {[%clk 1:30:30]} 12. Bxf3 {[%clk 1:30:30]} Nbd7 {[%clk 1:30:30]} 13. Qe2
{[%clk 1:30:30]} Nb6 {[%clk 1:30:30]} 14. Rad1 {[%clk 1:30:30]} Nbd5 {[%clk
1:30:30]} 15. Bd2 {[%clk 1:30:30]} Re8 {[%clk 1:30:30]} 16. Bg2 {[%clk 1:30:30]}
Qc7 {[%clk 1:30:30]} 17. Ne4 {[%clk 1:30:30]} 1/2-1/2

[Event "8th Vellmar Chess Days"]
[Site "chess24.com"]
[Date "2016.07.31"]
[Round "6"]
[White "Hufendiek, Ekkehard"]
[Black "Dannhaeuser, Kevin"]
[Result "0-1"]
[Board "19"]
[WhiteElo "1914"]
[WhiteCountry "GER"]
[WhiteFideId "4650190"]
[WhiteEloChange "-6"]
[BlackElo "2056"]
[BlackCountry "GER"]
[BlackFideId "12912760"]
[BlackEloChange "6"]

1. e4 {[%clk 1:30:57]} c5 {[%clk 1:30:56]} 2. d4 {[%clk 1:31:21]} cxd4 {[%clk
1:31:24]} 3. c3 {[%clk 1:31:39]} Nf6 {[%clk 1:31:52]} 4. e5 {[%clk 1:31:53]} Nd5
{[%clk 1:32:17]} 5. Nf3 {[%clk 1:32:15]} Nc6 {[%clk 1:32:35]} 6. Bb5 {[%clk
1:29:45]} e6 {[%clk 1:30:35]} 7. Bd2 {[%clk 1:16:57]} Qb6 {[%clk 1:25:54]} 8.
Bxc6 {[%clk 1:02:48]} bxc6 {[%clk 1:24:54]} 9. Nxd4 {[%clk 0:54:31]} c5 {[%clk
1:22:21]} 10. Nc2 {[%clk 0:48:14]} Qxb2 {[%clk 1:22:41]} 11. O-O {[%clk 0:47:25]}
Ba6 {[%clk 1:22:43]} 12. Re1 {[%clk 0:36:36]} Bd3 {[%clk 1:20:27]} 13. Nba3
{[%clk 0:37:04]} c4 {[%clk 1:14:38]} 14. Rb1 {[%clk 0:26:24]} Qxa2 {[%clk
1:14:10]} 15. Ra1 {[%clk 0:19:04]} Qb3 {[%clk 1:14:09]} 16. Nd4 {[%clk 0:14:09]}
Qxd1 {[%clk 1:14:03]} 17. Rexd1 {[%clk 0:14:38]} Bc5 {[%clk 1:11:20]} 18. Nab5
{[%clk 0:14:48]} O-O {[%clk 1:11:19]} 19. Ra6 {[%clk 0:14:28]} Rfb8 {[%clk
1:07:32]} 20. Rda1 {[%clk 0:14:06]} h6 {[%clk 1:07:04]} 21. h3 {[%clk 0:12:31]}
Rb7 {[%clk 1:06:36]} 22. R1a2 {[%clk 0:10:48]} Rb6 {[%clk 1:01:21]} 23. Rxa7
{[%clk 0:07:18]} Rxa7 {[%clk 1:01:28]} 24. Rxa7 {[%clk 0:07:36]} Bxd4 {[%clk
1:01:53]} 25. Nxd4 {[%clk 0:07:02]} Rb2 {[%clk 1:02:09]} 26. Nf3 {[%clk 0:04:56]}
Be2 {[%clk 1:02:08]} 27. Be1 {[%clk 0:03:17]} Rb1 {[%clk 1:02:13]} 0-1